A history of Turkey : (Record no. 22538)
[ view plain ]
| 000 -LEADER | |
|---|---|
| fixed length control field | 00702nam a2200229 a 4500 |
| 001 - CONTROL NUMBER | |
| control field | 22538 |
| 003 - CONTROL NUMBER IDENTIFIER | |
| rucl marc code | BD-RJUL |
| 005 - DATE AND TIME OF LATEST TRANSACTION | |
| control field | 20211209000823.0 |
| 008 - FIXED-LENGTH DATA ELEMENTS--GENERAL INFORMATION | |
| fixed length control field | 140308s19611956enka 001 0 eng d |
| 035 ## - SYSTEM CONTROL NUMBER | |
| System control number | (bd-rjul)22603 |
| 040 ## - CATALOGING SOURCE | |
| Original cataloging agency | PLF |
| Transcribing agency | PLF |
| Language of cataloging | eng |
| 041 ## - LANGUAGE CODE | |
| Language code of text/sound track or separate title | eng |
| 082 ## - DEWEY DECIMAL CLASSIFICATION NUMBER | |
| Classification number | 956.1 |
| Author mark and year | PRH 1961 |
| 100 1# - MAIN ENTRY--PERSONAL NAME | |
| Personal name | Price, M. Philips |
| Fuller form of name | (Morgan Philips), |
| Dates associated with a name | 1885-1973 |
| 9 (RLIN) | 69586 |
| 245 12 - TITLE STATEMENT | |
| Title | A history of Turkey : |
| Remainder of title | from empire to republic / |
| Statement of responsibility, etc. | M. Philips Price. |
| 250 ## - EDITION STATEMENT | |
| Edition statement | [2nd. ed.] |
| 260 ## - PUBLICATION, DISTRIBUTION, ETC. (IMPRINT) | |
| Place of publication, distribution, etc. | London : |
| Name of publisher, distributor, etc. | Allen & Unwin; |
| Place of publication, distribution, etc. | New York : |
| Name of publisher, distributor, etc. | Macmillan, |
| Date of publication, distribution, etc. | c1956 [reprinting 1961] |
| 300 ## - PHYSICAL DESCRIPTION | |
| Pagination | 237 p. ; |
| Illustrations | illus. |
| 504 ## - BIBLIOGRAPHY, ETC. NOTE | |
| Bibliography, etc | includes index |
| 651 #0 - SUBJECT ADDED ENTRY--GEOGRAPHIC NAME | |
| Geographic name | Turkey |
| General subdivision | History |
| Chronological subdivision | 20th century. |
| 9 (RLIN) | 69587 |
| 942 ## - ADDED ENTRY ELEMENTS (KOHA) | |
| Source of classification or shelving scheme | Dewey Decimal Classification |
| Koha item type | Books |
| Lost status | Source of classification or shelving scheme | Damaged status | Not for loan | Collection code | Permanent Location | Current Location | Shelving location | Date acquired | Source of acquisition | Cost, normal purchase price | Total Checkouts | Full call number | Date last seen | Date checked out | Copy number | Koha item type |
|---|---|---|---|---|---|---|---|---|---|---|---|---|---|---|---|---|
| Dewey Decimal Classification | Non-fiction | Central Library, University of Rajshahi | Central Library, University of Rajshahi | 15/02/1967 | N/A | 18.75 | 5 | 956.1 PRH 1961 | 18/09/2025 | 27/07/2025 | C-3 | Books | ||||
| Dewey Decimal Classification | Non-fiction | Central Library, University of Rajshahi | Central Library, University of Rajshahi | 25/03/1964 | Zeitlinger | 23.00 | 956.1 PRH 1961 | 24/03/2014 | C-2 | Books |